|
|
|
|
| LEADER |
00907nam a2200265 a 4500 |
| 001 |
3058 |
| 003 |
BD-DhAAL |
| 005 |
20150625093451.0 |
| 008 |
150625s1993 nyuab 001 0 eng |
| 010 |
|
|
|a 92047273
|
| 020 |
|
|
|a 0393963586
|
| 040 |
|
|
|a DLC
|c DLC
|d DLC
|d BD-DhAAL
|
| 050 |
0 |
0 |
|a HB172.5
|b .S75 1993
|
| 082 |
0 |
0 |
|a 339
|2 20
|
| 100 |
1 |
|
|a Stiglitz, Joseph E.
|9 12404
|
| 245 |
1 |
0 |
|a Principles of macroeconomics /
|c Joseph E. Stiglitz.
|
| 250 |
|
|
|a 1st ed.
|
| 260 |
|
|
|a New York :
|b W.W. Norton,
|c c1993.
|
| 300 |
|
|
|a xxvi, 730, 26 p. :
|b ill. (some col.), col. maps ;
|c 26 cm.
|
| 541 |
|
|
|e 3058
|
| 650 |
|
0 |
|a Macroeconomics.
|9 12405
|
| 740 |
0 |
|
|a Principles of macro-economics.
|
| 942 |
|
|
|2 ddc
|c BK
|
| 999 |
|
|
|c 34823
|d 34823
|
| 952 |
|
|
|0 0
|1 0
|2 ddc
|4 0
|6 339_000000000000000_STI
|7 0
|9 54494
|a SCL
|b SCL
|c GEN
|d 2015-06-25
|e Gift: The Asia Foundation
|l 3
|m 7
|o 339 STI
|p 3020003058
|r 2020-03-10
|s 2020-01-19
|t 1
|w 2015-06-25
|y BK
|